[Event "Ruhrgebiet Verbandsliga Gruppe 2 1718"]
[Site "Germany"]
[Date "2017.10.08"]
[Round "2.1"]
[White "Quast, Marcel"]
[Black "Spyrou, Emmanouil"]
[Result "1-0"]
[WhiteElo "2205"]
[BlackElo "2194"]
[PlyCount "59"]
[EventDate "2017.09.17"]
[EventType "team-tourn"]
[EventRounds "9"]
[EventCountry "GER"]
[SourceTitle "EXT 2022"]
[Source "ChessBase"]
[SourceDate "2021.10.06"]
[SourceVersion "1"]
[SourceVersionDate "2021.10.06"]
[SourceQuality "1"]
[WhiteTeam "Gerthe Werne"]
[BlackTeam "Hamm SV"]
[WhiteTeamCountry "GER"]
[BlackTeamCountry "GER"]

1. e4 c5 2. Nc3 Nc6 3. f4 g6 4. Nf3 Bg7 5. Bb5 d6 6. Bxc6+ bxc6 7. d3 Nf6 8. 0-0 0-0 9. Qe1 Ne8 10. b3 Nc7 11. Bd2 Nb5 12. a4 Nd4 13. Nxd4 cxd4 14. Ne2 e6 15. Ng3 f5 16. Ba5 Qd7 17. e5 c5 18. exd6 Qxd6 19. Rf2 Bb7 20. Nf1 e5 21. Nd2 exf4 22. Nc4 Qd5 23. Qf1 g5 24. Re1 Rae8 25. Rfe2 Rxe2 26. Qxe2 Kh8 27. Rf1 Bc6 28. Rf2 Re8 29. Qh5 Re1+ 30. Bxe1 1-0

[Event "Ruhrgebiet Regionalliga 1617"]
[Site "Germany"]
[Date "2017.05.07"]
[Round "9.1"]
[White "Mallee, Ralph"]
[Black "Spyrou, Emmanouil"]
[Result "0-1"]
[WhiteElo "2087"]
[BlackElo "2193"]
[PlyCount "90"]
[EventDate "2016.09.11"]
[EventType "team-tourn"]
[EventRounds "9"]
[EventCountry "GER"]
[SourceTitle "EXT 2022"]
[Source "ChessBase"]
[SourceDate "2021.10.06"]
[SourceVersion "1"]
[SourceVersionDate "2021.10.06"]
[SourceQuality "1"]
[WhiteTeam "Dortmund SV"]
[BlackTeam "Hamm SV"]
[WhiteTeamCountry "GER"]
[BlackTeamCountry "GER"]

1. e4 g6 2. d4 Bg7 3. Nc3 d6 4. Nf3 Nf6 5. Bc4 0-0 6. 0-0 c6 7. a4 d5 8. Bd3 Bg4 9. e5 Nfd7 10. h3 Bxf3 11. Qxf3 e6 12. Ne2 c5 13. c3 Nc6 14. Qg4 cxd4 15. cxd4 Nb4 16. Bb1 Qe7 17. Ra3 Rac8 18. Rg3 Rc4 19. b3 Nxe5 20. Qf4 Rxc1 21. Rxc1 Nec6 22. Qd2 Rd8 23. f4 Qf6 24. Rd1 h5 25. Rf3 h4 26. Qe1 a5 27. Qf2 Na6 28. Rc3 Rd7 29. Rcc1 Nc7 30. Rc3 Ne8 31. Rcd3 Nd6 32. R3d2 Rc7 33. Rc1 Rc8 34. Qe3 Ra8 35. Rcd1 Ra6 36. Qc3 Rb6 37. Qc5 Qd8 38. Rd3 Ne4 39. Qc1 Rb4 40. Qe3 Qf6 41. Kh2 Bh6 42. Rf1 Ne7 43. g4 hxg3+ 44. Nxg3 Nxg3 45. Qxg3 Nf5 0-1

[Event "Ruhrgebiet Verbandsliga Gruppe 2 1516"]
[Site "Germany"]
[Date "2016.01.24"]
[Round "6.1"]
[White "Spyrou, Emmanouil"]
[Black "Sandkamp, Ralph"]
[Result "1-0"]
[WhiteElo "2180"]
[BlackElo "2189"]
[PlyCount "91"]
[EventDate "2015.09.06"]
[EventType "team-tourn"]
[EventRounds "9"]
[EventCountry "GER"]
[SourceTitle "EXT 2022"]
[Source "ChessBase"]
[SourceDate "2021.10.06"]
[SourceVersion "1"]
[SourceVersionDate "2021.10.06"]
[SourceQuality "1"]
[WhiteTeam "Hamm SV"]
[BlackTeam "Wanne-Eickel SV Unser Fritz"]
[WhiteTeamCountry "GER"]
[BlackTeamCountry "GER"]

1. d4 Nf6 2. c4 e6 3. Nc3 c5 4. d5 exd5 5. cxd5 d6 6. e4 g6 7. f4 Bg7 8. Bb5+ Nfd7 9. Be2 Qh4+ 10. g3 Qe7 11. Nf3 0-0 12. 0-0 Na6 13. Re1 Nf6 14. Kg2 Re8 15. e5 Nd7 16. e6 fxe6 17. dxe6 Nf6 18. Bc4 Nc7 19. f5 b5 20. Nxb5 Nxb5 21. Bxb5 gxf5 22. Bxe8 Qxe8 23. e7 Qc6 24. Bf4 Bb7 25. Qb3+ c4 26. Qe3 Ne4 27. Bh6 Re8 28. Bxg7 Kxg7 29. Kg1 Rxe7 30. Rf1 Rf7 31. Qf4 Qb6+ 32. Kh1 Qxb2 33. Rab1 Qe2 34. Rbe1 Qxa2 35. Kg1 Qa5 36. Nh4 Qc5+ 37. Qe3 Qxe3+ 38. Rxe3 d5 39. Nxf5+ Rxf5 40. Rxf5 d4 41. Ra3 a6 42. Ra4 Nd2 43. Rc5 Kf6 44. Rc7 Bd5 45. Rxa6+ Kf5 46. Ra5 1-0

[Event "Ruhrgebiet Verbandsliga Gruppe 2 1516"]
[Site "Germany"]
[Date "2015.11.29"]
[Round "4.1"]
[White "Spyrou, Emmanouil"]
[Black "Baerwolf, Steven"]
[Result "1/2-1/2"]
[WhiteElo "2180"]
[BlackElo "2161"]
[PlyCount "32"]
[EventDate "2015.09.06"]
[EventType "team-tourn"]
[EventRounds "9"]
[EventCountry "GER"]
[SourceTitle "EXT 2022"]
[Source "ChessBase"]
[SourceDate "2021.10.06"]
[SourceVersion "1"]
[SourceVersionDate "2021.10.06"]
[SourceQuality "1"]
[WhiteTeam "Hamm SV"]
[BlackTeam "Horst Emscher"]
[WhiteTeamCountry "GER"]
[BlackTeamCountry "GER"]

1. d4 Nf6 2. c4 g6 3. Nc3 Bg7 4. Nf3 0-0 5. g3 d6 6. Bg2 c6 7. 0-0 Nbd7 8. h3 Qc7 9. e4 e5 10. Re1 exd4 11. Nxd4 Re8 12. Be3 Nc5 13. Qc2 a5 14. Rad1 Bd7 15. Bf4 Nh5 16. Be3 Rad8 1/2-1/2

[Event "Ruhrgebiet Regionalliga 1415"]
[Site "Germany"]
[Date "2015.04.12"]
[Round "8.1"]
[White "Spyrou, Emmanouil"]
[Black "Dergatschova, Anna"]
[Result "1/2-1/2"]
[WhiteElo "2211"]
[BlackElo "2191"]
[PlyCount "92"]
[EventDate "2014.09.28"]
[EventType "team-tourn"]
[EventRounds "9"]
[EventCountry "GER"]
[SourceTitle "EXT 2022"]
[Source "ChessBase"]
[SourceDate "2021.10.06"]
[SourceVersion "1"]
[SourceVersionDate "2021.10.06"]
[SourceQuality "1"]
[WhiteTeam "Hamm SV"]
[BlackTeam "Holsterhausen SK"]
[WhiteTeamCountry "GER"]
[BlackTeamCountry "GER"]

1. d4 d6 2. Nf3 Nf6 3. c4 c5 4. d5 e5 5. Nc3 Be7 6. e4 0-0 7. h3 Na6 8. Bd3 Nc7 9. Qe2 a6 10. a4 Rb8 11. Be3 Bd7 12. 0-0 b6 13. Nd2 g6 14. Rfb1 a5 15. f4 exf4 16. Bxf4 Nh5 17. Bh2 Bf6 18. Nf3 Ne8 19. Rf1 Rb7 20. Rae1 Bxc3 21. bxc3 Bxa4 22. g4 Nhf6 23. Qd2 Nd7 24. e5 Nxe5 25. Nxe5 dxe5 26. Bxe5 Qh4 27. Qg2 Qd8 28. Qg3 Bb3 29. g5 b5 30. cxb5 Bxd5 31. c4 Be6 32. Be4 Rd7 33. Bc3 Bxc4 34. Qe5 f6 35. gxf6 Rdf7 36. Rd1 Qc8 37. b6 Qxh3 38. Bg2 Qg4 39. b7 Bxf1 40. Rxf1 Nc7 41. Qxc5 Na6 42. Qxa5 Nb8 43. Qd5 h5 44. Re1 Qg3 45. Qe5 Qg4 46. Qd5 Qg3 1/2-1/2

[Event "NRW Verbandsliga Group2 1314"]
[Site "Nordrheinwestfalen"]
[Date "2014.03.09"]
[Round "8"]
[White "Spyrou, Emmanouil"]
[Black "Boehm, Juergen1111"]
[Result "1/2-1/2"]
[WhiteElo "2209"]
[BlackElo "2153"]
[PlyCount "37"]
[EventDate "2013.09.08"]
[EventType "team-tourn"]
[EventRounds "9"]
[EventCountry "GER"]
[SourceTitle "EXT 2020"]
[Source "ChessBase"]
[SourceDate "2019.10.17"]
[SourceVersion "1"]
[SourceVersionDate "2019.10.17"]
[SourceQuality "1"]
[WhiteTeam "Hamm SVg"]
[BlackTeam "Brackel SF II"]
[WhiteTeamCountry "GER"]
[BlackTeamCountry "GER"]

1. d4 d5 2. c4 c6 3. Nf3 Nf6 4. Nc3 e6 5. Qb3 dxc4 6. Qxc4 b5 7. Qd3 Nbd7 8. e4 b4 9. Na4 Bb7 10. Be3 Qa5 11. b3 Be7 12. Be2 0-0 13. Nb2 c5 14. Nc4 Qd8 15. e5 Nd5 16. h4 Nxe3 17. fxe3 cxd4 18. exd4 f5 19. exf6 1/2-1/2

[Event "NRW Verbandsliga Group2 1314"]
[Site "Nordrheinwestfalen"]
[Date "2013.11.24"]
[Round "4"]
[White "Kummerow, Heiko"]
[Black "Spyrou, Emmanouil"]
[Result "0-1"]
[WhiteElo "2175"]
[BlackElo "2209"]
[PlyCount "42"]
[EventDate "2013.09.08"]
[EventType "team-tourn"]
[EventRounds "9"]
[EventCountry "GER"]
[SourceTitle "EXT 2020"]
[Source "ChessBase"]
[SourceDate "2019.10.17"]
[SourceVersion "1"]
[SourceVersionDate "2019.10.17"]
[SourceQuality "1"]
[WhiteTeam "Recklinghausen Laeufer Ost"]
[BlackTeam "Hamm SVg"]
[WhiteTeamCountry "GER"]
[BlackTeamCountry "GER"]

1. e4 g6 2. d4 Bg7 3. Nc3 c6 4. Nf3 d5 5. h3 Nh6 6. Bf4 0-0 7. Qd2 dxe4 8. Nxe4 Nf5 9. 0-0-0 Be6 10. c4 Nd6 11. Nxd6 exd6 12. Qb4 Na6 13. Qxd6 Qa5 14. Qa3 Qxa3 15. bxa3 Rac8 16. Ng5 Rfd8 17. Be3 Nc7 18. Be2 b5 19. Nxe6 Nxe6 20. d5 cxd5 21. Bxa7 bxc4 0-1

[Event "Ruhrgebiet Verbandsliga1 1213"]
[Site "Nordrheinwestfalen"]
[Date "2013.02.24"]
[Round "7.1"]
[White "Spyrou, Emmanouil"]
[Black "Grosse Frintrop, Gerd"]
[Result "1-0"]
[WhiteElo "2194"]
[BlackElo "1954"]
[PlyCount "85"]
[EventDate "2012.09.02"]
[EventType "team-tourn"]
[EventRounds "9"]
[EventCountry "GER"]
[SourceTitle "EXT 2020"]
[Source "ChessBase"]
[SourceDate "2019.10.17"]
[SourceVersion "1"]
[SourceVersionDate "2019.10.17"]
[SourceQuality "1"]
[WhiteTeam "Hamm SVg"]
[BlackTeam "Buer SF"]
[WhiteTeamCountry "GER"]
[BlackTeamCountry "GER"]

1. d4 g6 2. c4 Bg7 3. e4 c5 4. d5 d6 5. Nc3 Nf6 6. f4 0-0 7. Nf3 Na6 8. Bd3 Bd7 9. 0-0 Nc7 10. Qe1 Nfe8 11. Bd2 a6 12. a4 Rb8 13. Qe2 b5 14. axb5 axb5 15. cxb5 Rb7 16. h3 Qb8 17. Ra5 Ra7 18. Rxa7 Qxa7 19. Kh2 Nf6 20. Bc4 Rb8 21. e5 Nfe8 22. e6 fxe6 23. dxe6 Bc8 24. f5 Nf6 25. Bd3 d5 26. fxg6 h6 27. Bf5 d4 28. Ne4 Ncd5 29. Nxf6+ Nxf6 30. Ne5 Qc7 31. Bf4 Nd5 32. Bg3 Qb6 33. Nc4 Qxb5 34. Bd3 Nf6 35. Kg1 Ra8 36. Be5 Qc6 37. Bxf6 Bxf6 38. Be4 Qxe6 39. Qf3 Ra6 40. Bd5 Kg7 41. Bxe6 Bxe6 42. Qe2 Bd5 43. Rxf6 1-0

[Event "Ruhrgebiet Verbandsliga1 1213"]
[Site "Nordrheinwestfalen"]
[Date "2013.01.13"]
[Round "5.1"]
[White "Spyrou, Emmanouil"]
[Black "Sohlmann, Jan Henning"]
[Result "1/2-1/2"]
[WhiteElo "2194"]
[BlackElo "2151"]
[PlyCount "84"]
[EventDate "2012.09.02"]
[EventType "team-tourn"]
[EventRounds "9"]
[EventCountry "GER"]
[SourceTitle "EXT 2020"]
[Source "ChessBase"]
[SourceDate "2019.10.17"]
[SourceVersion "1"]
[SourceVersionDate "2019.10.17"]
[SourceQuality "1"]
[WhiteTeam "Hamm SVg"]
[BlackTeam "Welper SV"]
[WhiteTeamCountry "GER"]
[BlackTeamCountry "GER"]

1. d4 f5 2. Nf3 Nf6 3. g3 g6 4. Bg2 Bg7 5. 0-0 0-0 6. c4 d6 7. Nc3 Qe8 8. d5 h6 9. Nd4 Na6 10. b3 Bd7 11. Bb2 g5 12. a3 f4 13. Qd2 Ng4 14. Ne4 Qh5 15. h3 Ne5 16. g4 Qg6 17. Rac1 h5 18. f3 c6 19. e3 fxe3 20. Qxe3 c5 21. Ne2 Nxg4 22. fxg4 Bxb2 23. Rb1 Rxf1+ 24. Bxf1 Bg7 25. gxh5 Qxh5 26. N2g3 Qg6 27. Qxg5 Qxg5 28. Nxg5 Nc7 29. Bd3 Be5 30. Kg2 e6 31. Rf1 exd5 32. Rf7 Ne6 33. Rxd7 Nf4+ 34. Kf3 Nxd3 35. cxd5 Rf8+ 36. Kg4 b5 37. Ne6 Nf2+ 38. Kh4 Rc8 39. Nf5 c4 40. Ne7+ Kh8 41. Ng6+ Kg8 42. Ne7+ Kh8 1/2-1/2

[Event "Ruhrgebiet Verbandsliga1 1213"]
[Site "Nordrheinwestfalen"]
[Date "2012.12.02"]
[Round "4"]
[White "Mallee, Ralph"]
[Black "Spyrou, Emmanouil"]
[Result "1/2-1/2"]
[WhiteElo "2104"]
[BlackElo "2194"]
[PlyCount "57"]
[EventDate "2012.09.02"]
[EventType "team-tourn"]
[EventRounds "9"]
[EventCountry "GER"]
[SourceTitle "EXT 2020"]
[Source "ChessBase"]
[SourceDate "2019.10.17"]
[SourceVersion "1"]
[SourceVersionDate "2019.10.17"]
[SourceQuality "1"]
[WhiteTeam "Dortmund SV"]
[BlackTeam "Hamm SVg"]
[WhiteTeamCountry "GER"]
[BlackTeamCountry "GER"]

1. e4 g6 2. d4 Bg7 3. c3 c6 4. Nf3 d5 5. Nbd2 Nh6 6. Bd3 0-0 7. 0-0 f6 8. Re1 Nf7 9. Nf1 Re8 10. Qb3 e6 11. Ng3 Nd7 12. c4 dxc4 13. Bxc4 Nb6 14. Bf1 e5 15. dxe5 Be6 16. Qc2 Nxe5 17. Nxe5 fxe5 18. Be3 Qe7 19. Red1 Red8 20. Bxb6 axb6 21. Bc4 b5 22. Bb3 Qf7 23. Bxe6 Qxe6 24. b3 Bf8 25. a4 bxa4 26. Rxa4 Rxd1+ 27. Qxd1 Rxa4 28. bxa4 Qc4 29. Nf1 1/2-1/2

[Event "Ruhrgebiet Verbandsliga2 1112"]
[Site "Nordrheinwestfalen"]
[Date "2012.04.22"]
[Round "9.1"]
[White "Spyrou, Emmanouil"]
[Black "Gohla, Ulf"]
[Result "1/2-1/2"]
[WhiteElo "2238"]
[BlackElo "2199"]
[PlyCount "39"]
[EventDate "2011.09.18"]
[EventType "team-tourn"]
[EventRounds "9"]
[EventCountry "GER"]
[SourceTitle "EXT 2020"]
[Source "ChessBase"]
[SourceDate "2019.10.17"]
[SourceVersion "1"]
[SourceVersionDate "2019.10.17"]
[SourceQuality "1"]
[WhiteTeam "Hamm SVg"]
[BlackTeam "Wattenscheid SV IV"]
[WhiteTeamCountry "GER"]
[BlackTeamCountry "GER"]

1. d4 d5 2. c4 c6 3. Nf3 Nf6 4. Nc3 a6 5. c5 Bf5 6. Qb3 Ra7 7. h3 Nbd7 8. Bf4 g6 9. e3 Bg7 10. Be2 Ne4 11. 0-0 0-0 12. Rfd1 Re8 13. Nxe4 Bxe4 14. Ne5 Bxe5 15. Bxe5 Nxe5 16. dxe5 Bf5 17. Qc3 Qc7 18. g4 Be6 19. f4 Rf8 20. Rf1 1/2-1/2

[Event "Ruhrgebiet Regionalliga 1011"]
[Site "Nordrheinwestfalen"]
[Date "2010.12.12"]
[Round "4.1"]
[White "Hort, Vlastimil"]
[Black "Spyrou, Emmanouil"]
[Result "1/2-1/2"]
[WhiteElo "2389"]
[BlackElo "2199"]
[PlyCount "82"]
[EventDate "2010.09.19"]
[EventType "team-tourn"]
[EventRounds "9"]
[EventCountry "GER"]
[SourceTitle "EXT 2020"]
[Source "ChessBase"]
[SourceDate "2019.10.17"]
[SourceVersion "1"]
[SourceVersionDate "2019.10.17"]
[SourceQuality "1"]
[WhiteTeam "Oberhausen SV"]
[BlackTeam "Hamm SVg"]
[WhiteTeamCountry "GER"]
[BlackTeamCountry "GER"]

1. c4 g6 2. Nc3 Bg7 3. d4 d6 4. e4 e5 5. Nf3 Nc6 6. d5 Nd4 7. Nxd4 exd4 8. Nb5 Qe7 9. Be2 a6 10. Nxd4 Qxe4 11. Nf3 Nf6 12. 0-0 0-0 13. Bd3 Qe7 14. Re1 Qd8 15. h3 Re8 16. Be3 Nd7 17. Qc2 Ne5 18. Nxe5 Rxe5 19. Qd2 Bd7 20. Bf4 Rxe1+ 21. Rxe1 b6 22. b4 a5 23. b5 Qf8 24. a4 Rc8 25. h4 h5 26. g3 f5 27. Kg2 Bf6 28. Bg5 Qg7 29. Re2 Bxg5 30. Qxg5 Re8 31. Rxe8+ Bxe8 32. Qd8 Kf8 33. Be2 Qe7 34. Qxe7+ Kxe7 35. Kf3 Kf6 36. Kf4 Bd7 37. Bf3 Bc8 38. Bd1 Bd7 39. Bf3 Bc8 40. Be2 Bd7 41. f3 Bc8 1/2-1/2